| 000 | 00555nam a22001937a 4500 | ||
|---|---|---|---|
| 005 | 20251108172627.0 | ||
| 008 | 250721s2001 xx 000 0 ara d | ||
| 082 | 1 | 4 | _a796,3309/مها |
| 100 | 1 | _aالمهايره، حسين صالح | |
| 245 | 1 | 0 | _aتاريخ اربد الكروي / |
| 264 | 1 |
_aعمان : _bالمكتبه الوطنيه، _c2001. |
|
| 300 | _a87 ص. | ||
| 650 | 1 | 7 | _aكرة القدم |
| 650 | 1 | 7 | _aالألعاب الرياضية |
| 650 | 1 | 7 | _aاللاعبون |
| 650 | 1 | 7 | _aالأردن |
| 942 |
_2ddc _cBK |
||
| 999 |
_c84429 _d84429 |
||